Aroldo / (Record no. 80320)

MARC details
000 -LEADER
campo de control de longitud fija 00565nam a2200181 i 4500
001 - NÚMERO DE CONTROL
campo de control 80320
003 - IDENTIFICADOR DE NÚMERO DE CONTROL
campo de control ES-MaACL
005 - FECHA Y HORA DE LA ÚLTIMA TRANSACCIÓN
campo de control 20231222171840.0
007 - CAMPO FIJO DE DESCRIPCIÓN FÍSICA--INFORMACIÓN GENERAL
campo de control de longitud fija t|
008 - DATOS DE LONGITUD FIJA--INFORMACIÓN GENERAL
campo de control de longitud fija 041027s1963 sp ||||1| spa d
100 1# - ENTRADA PRINCIPAL--NOMBRE DE PERSONA
Nombre de persona Hierro, José,
Fechas asociadas al nombre 1922-2002
9 (RLIN) 63619
245 10 - MENCIÓN DEL TÍTULO
Título Aroldo /
Mención de responsabilidad, etc. texto de José Hierro y Juan Antonio Villacañas.
260 ## - PUBLICACIÓN, DISTRIBUCIÓN, ETC.
Lugar de publicación, distribución, etc. [S.l. :
Nombre del editor, distribuidor, etc. s.n.,
Fecha de publicación, distribución, etc. 1963] (
Lugar de fabricación/manufactura Toledo :
Fabricante Imp. Gómez Menor)
500 ## - NOTA GENERAL
Nota general Texto en castellano y francés.
700 1# - ENTRADA AGREGADA--NOMBRE PERSONAL
Nombre de persona Villacañas, Juan Antonio.
9 (RLIN) 114906
852 ## - LOCALIZACIÓN
Ubicación ES-MaACL
Número de control de estantería 2047-F-8
Sublocalización o colección R.62578
Holdings
Estatus retirado Estado de pérdida Estado de daño No para préstamo Colección Biblioteca de origen Biblioteca actual Ubicación en estantería Fecha de adquisición Fuente de adquisición Total de préstamos Signatura topográfica completa Código de barras Visto por última vez Precio de reemplazo Tipo de ítem Koha
        Colección de folletos Biblioteca del Ateneo de Madrid Biblioteca del Ateneo de Madrid Depósito folletos 17/01/2008     2047-F-8 1083977 23/02/2023 23/02/2023 Folleto